00326nam a2200121Ia 4500008004100000041000800041082001200049100001800061245004500079260004500124300002400169365001100193240624s9999 xx 000 0 und d aeng a382 MAR aMARJIT SUGATA aINTERNATIONAL TRADE AND ECONOMIC DEVELOP c2008aNew DelhibOxford University press a338 : p. : cm. ; 24 cRSb30